01012nas a2200289 4500001001300000003000900013005001700022007000300039008003400042040005400076041000900130072000800139100002200147100001900169100002200188100001800210245011100228650001400339650002000353650002000373650001300393773009100406909004000497942001800537999001900555952014800574BR2011004209BR-BrBNA20231205115509.0ta230509b bl.|||p| |||| 00| 00por d aBR-BrBNAbporcBiblioteca Nacional de Agricultura a(Pt) aH101 aZawadneak, M.A.C.1 aSchubert, J.M.1 aPoltronieri, A.S.1 aCardoso, N.A.1 aOcorrência de coccinelídeos predadores em pomares de nectarina no município de Araucária, Paraná aNECTARINA aINIMIGO NATURAL aPRAGA DE PLANTA aPREDADOR0 tScientia Agrária (Brazil)xISSN 1519-1125 g(2008), v. 9(4) p. 555-557wBR2011004209 a202311bLúciac55dLúcia Elande 2AGRISn0cANA c214109d214109 002AGRIS4071a41918b41918cPeriódicos Agrícolash(2008), v. 9(4) p. 555-557l0r2023-11-29t01yCRePortaria Interministerial nº 164/94